Open Data Biblioteca Nacional de Portugal


República Portuguesa: Ministério da Cultura
Biblioteca Nacional de Portugal

Catálogo da BNP: acesso por Identificadores Unívocos
Registos Bibliográficos associados ao registo de autoridade

Etiqueta de registo: 00972ccc 02200241 04500
001 1078680
003 http://id.bnportugal.gov.pt/bib/catbnp/1078680
005 20030311121400.0
100 ## $a20030311d19 m y0pory0103 ba
101 0# $apor
102 ## $aPT
105 ## $aga z 000yy
106 ## $ar
200 1# $aEsperteza saloia$bMúsica impressa]$ecantiga da Revista "Feira da Luz"$fmúsica de Frederico de Freitas$gletra de João Bastos, Felix Bermudes e Pereira Coelho$gcriação de Hortense Luz
210 #9 $aLisboa$cSassetti,$d[19--]
215 ## $a1 partitura (1 f.)$cil., capa$d33 cm
307 ## $aFotografia de Hortense Luz em representação teatral, no recto da capa
500 10 $aFeira da Luz.$iCantiga "Esperteza saloia"
501 1# $aCanções,$rV, pf
606 ## $aCanções$j[Música impressa]$2SIPOR$31284980
606 ## $aTeatro de revista$j[Música impressa]$2SIPOR$31228631
675 ## $a784.7$vBN$zpor$3431921
675 ## $a78.089.6$vBN$zpor$3536969
675 ## $a782.8$vBN$zpor$3519083
700 #1 $aFreitas,$bFrederico de,$f1902-1980$343209
702 #1 $aLuz,$bHortense,$f1905-$4005$31145918
702 #1 $aBastos,$bJoão,$f1883-1957$4520$313627
702 #1 $aBermudes,$bFélix,$f1874-1960$4520$313095
702 #1 $aCoelho,$bJosé Maria Sardinha Pereira,$f1879-1963$4520$3110555
966 ## $lBN$mMUSICA$nCota antiga: M.P. 1185//6 A.$pLeilão Silva's, de Novembro/2001$sM.P. 2714 A.$x2
997 ## $aBIBEOD

Etiqueta de registo: 00269ncm 2200145 450
001 1756049
003 http://id.bnportugal.gov.pt/bib/catbnp/1756049
100 ## $a20100913f192 k y0pory0103 ba
101 0# $apor
102 ## $aPT
105 ## $ag z 000yy
106 ## $ar
200 1# $aFado "Maria Victoria"$bMúsica impressa]$eprimeiro premiado no Concurso de fados realisado no Theatro Avenida$fletra de Pereira Coelho, música de Alves Coelho
205 ## $a10.ª ed.
210 #9 $aLisboa$cSassetti & C.ª,$d [ca 192-]
215 ## $aPartitura (3 p.)$d34 cm
300 ## $aAo meu amigo Pereira Coelho
301 ## $aN.º de chapa: 1251
306 ## $aDistr. Livraria A.S. Capela
317 ## $aProv.: Conservatório Nacional$5PTBN: C.N. 2063 A.
501 1# $aFados,$rV, pf
606 ## $aMúsica para canto e piano$zSéc. 20$j[Música impressa]$2SIPOR$3947956
606 ## $aFados$x[Música impressa]$2SIPOR$391057
675 ## $a784.4(=1:469)$vBN$zpor$31281712
675 ## $a784:786.2$vBN$zpor$3519118
675 ## $a784(=1:469)$vBN$zpor$31357985
675 ## $a78.089.6$vBN$zpor$3536969
700 #1 $aCoelho,$bJoão Rodrigues Alves,$f1882-1931$3156181
702 #1 $aCoelho,$bJosé Maria Sardinha Pereira,$f1879-1963$4520$3110555
712 02 $aTeatro Avenida$c(Lisboa)$4060$319103
712 02 $aSassetti & C.ª$c(Editor de música)$4650$315957
712 01 $aPortugal.$bConservatório Nacional.$bEscola de Música$4390$31172174
801 #0 $aPT$bBN$gRPC
966 ## $lBN$mMUSICA$sC.N. 2063 A.$x6
997 ## $aBIBEOD

Etiqueta de registo: 00904ccm 02200253 04500
001 817865
003 http://id.bnportugal.gov.pt/bib/catbnp/817865
100 ## $a19930607f19201929km y0pory01030103ba
101 0# $apor
102 ## $aPT
106 ## $ar
200 1# $aPreto não é bom$bMúsica impressa]$ecanção popular brazileira$eda revista "O Sete e Meio"$farranjo e criação de Geraldo de Magalhães$gletra de Pereira Coelho e Matos Sequeira
210 #9 $aLisboa$cSassetti,$d[192-]
215 ## $a1 partitura (2 p.)$d35 cm
500 11 $a O sete e meio.$iPreto não é bom,$rV, pf
606 ## $aTeatro de revista$j[Música impressa]$2SIPOR$31228631
606 ## $aMúsica para canto e piano$zSéc. 19$j[Música impressa]$2SIPOR$31117817
675 ## $a78.089.6$vBN$zpor$3536969
675 ## $a782.8$vBN$zpor$3519083
675 ## $a784.7$vBN$zpor$3431921
675 ## $a786.2$vBN$zpor$3295835
700 #1 $aMagalhães,$bGeraldo de,$f1878-1970$3758306
702 #1 $aCoelho,$bJosé Maria Sardinha Pereira,$f1879-1963$4721$3110555
702 #1 $aSequeira,$bGustavo de Matos,$f1880-1962$4520$384369
712 02 $aSassetti & C.ª$c(Editor de música)$4650$315957
801 #0 $aPT$bBN$gRPC
966 ## $lBN$mMUSICA$sM.P. 1324 A.$x3
976 ## $d20240408$rjamaral

Etiqueta de registo: 01133ccc 22003011 450
001 422170
003 http://id.bnportugal.gov.pt/bib/catbnp/422170
005 20030121173900.0
095 ## $aPTBN00451038
100 ## $a19910410f19001950km y0pory01030103ba
101 0# $apor
102 ## $aPT
105 ## $aga z 000yy
106 ## $ar
200 1# $aBilhas$bMúsica impressa]$eda revista "Pó de Maio"$fmúsica de Cruz e Sousa$gletra de Felix Bermudes, Joäo Bastos e Pereira Coelho
210 #9 $aLisboa$cLith. Salles,$d[1900]
215 ## $a1 partitura ([4] p.)$cil., capa$d34 cm
500 10 $aPó de Maio.$iCanção "Bilhas"
501 1# $aCanções,$rV, pf
606 ## $aTeatro de revista$j[Música impressa]$2SIPOR$31228631
606 ## $aCanções$j[Música impressa]$2SIPOR$31284980
606 ## $aMúsica para canto e piano$zSéc. 20$j[Música impressa]$2SIPOR$3947956
675 ## $a784.7$vBN$zpor$3431921
675 ## $a784:786.2$vBN$zpor$3519118
675 ## $a78.089.6$vBN$zpor$3536969
675 ## $a782.8$vBN$zpor$3519083
700 #1 $aSousa,$bJorge da Cruz e,$f1893-1980$3115904
701 #1 $aBermudes,$bFélix,$f1874-1960$4520$313095
701 #1 $aBastos,$bJoão,$f1883-1957$4520$313627
701 #1 $aCoelho,$bJosé Maria Sardinha Pereira,$f1879-1963$3110555
801 #0 $aPT$bBN$gRPC
966 ## $lBN$mMUSICA$nCotas antigas: B.A. 738//21 A.; M.P. 1193//14 A.$pCarimbo: «Conservatória do Registo da Propriedade Literária, Científica e Artística. Edifício da Biblioteca Nacional. Lisboa»$sM.P. 2750 A.$x6
998 ## $aCI340-535

Etiqueta de registo: 00913ccc 02200253 04500
001 812702
003 http://id.bnportugal.gov.pt/bib/catbnp/812702
005 20030218153000.0
095 ## $aPTBN00464138
100 ## $a19930428d19 m y0pory0103 ba
101 0# $apor
102 ## $aPT
105 ## $aga z 000yy
106 ## $ar
200 1# $aSaudades da nossa terra$bMúsica impressa]$ecanção da revista "O sete e meio"$fCarlos Maria Ferreira Calderon, letra de Dois Velhos e dois Novos$fcantado pela actriz cantora Margarida Ferreira
210 #9 $aLisboa$cSassetti,$d[19--]
215 ## $aPartitura (2 f.)$cil., capa$d35 cm
307 ## $aRetrato (foto) de Margarida Ferreira , no recto da capa
500 10 $a O sete e meio :$iSaudades da nossa terra$lCanções ;$rV, pf ;$uRé Maior
501 1# $aCanções,$rV, pf
606 ## $aCanções$j[Música impressa]$2SIPOR$31284980
606 ## $aTeatro de revista$j[Música impressa]$2SIPOR$31228631
675 ## $a78.089.6$vBN$zpor$3536969
675 ## $a784.7$vBN$zpor$3431921
675 ## $a782.8$vBN$zpor$3519083
700 #1 $aCalderon,$bCarlos,$f1867-1945$3205687
701 #1 $aCoelho,$bJosé Maria Sardinha Pereira,$f1879-1963$4520$3110555
702 #1 $aFerreira,$bMargarida,$fca 19--$4721$31145663
712 02 $aSassetti & C.ª$c(Editor de música)$4650$315957
801 #0 $aPT$bBN$gRPC
966 ## $lBN$mMUSICA$nCotas antigas: B.A. 725//14 A.; M.P. 1184//14 A.$sM.P. 2670 A.
998 ## $aCI360-257

Etiqueta de registo: 00699ccc 02200229 04500
001 812689
003 http://id.bnportugal.gov.pt/bib/catbnp/812689
005 20030217150500.0
095 ## $aPTBN00464125
100 ## $a19930428d19 m y0pory0103 ba
101 0# $apor
102 ## $aPT
105 ## $aga z 000yy
106 ## $ar
200 1# $aTango da revista "O Sete e Meio"$bMúsica impressa]$fC. Calderon, letra de Dois novos e Dois velhos
210 #9 $aLisboa$cSassetti,$d[19--]
215 ## $aPartitura ([2] f.)$ccapa il.$d35 cm
500 10 $a O sete e meio
501 1# $aTangos,$rV, pf
606 ## $aCanções$j[Música impressa]$2SIPOR$31284980
606 ## $aDanças (Música)$j[Música impressa]$2SIPOR$3947782
606 ## $aMúsica para canto e piano$zSéc. 20$j[Música impressa]$2SIPOR$3947956
606 ## $aTeatro de revista$j[Música impressa]$2SIPOR$31228631
675 ## $a78.085$vBN$zpor$3422385
675 ## $a78.089.6$vBN$zpor$3536969
675 ## $a784.7$vBN$zpor$3431921
675 ## $a782.8$vBN$zpor$3519083
700 #1 $aCalderon,$bCarlos,$f1867-1945$3205687
702 #1 $aCoelho,$bJosé Maria Sardinha Pereira,$f1879-1963$4520$3110555
702 #1 $aCarvalhais,$bStuart,$f1887-1961$4440$39706
712 02 $aSassetti & C.ª$c(Editor de música)$4650$315957
801 #0 $aPT$bBN$gRPC
966 ## $lBN$mMUSICA$nCotas antigas: B.A. 725//1 A.; M.P. 1184//1 A.$sM.P. 2657 A.
998 ## $aCI360-244

Etiqueta de registo: 00599cam 2200193 450
001 546345
003 http://id.bnportugal.gov.pt/bib/catbnp/546345
005 20010606123200.0
095 ## $aPTBN00750065
100 ## $a19950712d1914 km y0pory0103 ba
101 0# $apor
102 ## $aPT
200 1# $aCéu azul$fLuiz d'Aquino, Pereira Coelho, Gustavo Sequeira
210 #9 $aLisboa$cImp. Manuel Lucas Torres,$d1914
215 ## $a16 p.$d21 cm
700 #1 $aGalhardo,$bLuís,$f1874-1929$328424
701 #1 $aSequeira,$bGustavo de Matos,$f1880-1962$4070$384369
701 #1 $aCoelho,$bJosé Maria Sardinha Pereira,$f1879-1963$4070$3110555
801 #0 $aPT$bBN$gRPC
966 ## $lBN$mFGMON$sL. 36367//6 P.
997 ## $aBIBEOD

Etiqueta de registo: 00863ccm 02200241 04500
001 640073
003 http://id.bnportugal.gov.pt/bib/catbnp/640073
005 20020504160900.0
095 ## $aPTBN00851713
100 ## $a19970128d193 k y0pory0103 ba
101 0# $apor
102 ## $aPT
200 1# $aDa revista maravilhosa$eviradinho norte sul$eone-step$fmúsica de António Soares$gletra de Pereira Coelho e Matos Sequeira
210 #9 $aLisboa$cSoares & Viana,$d[193-]
215 ## $a6 partes$d22 cm
327 1# $aTrombone; Saxofone; Contrabaixo; Trompete; Violino; Piano
500 10 $a:[One-Step.$nViradinho norte sul,$rbanda$warr.]
675 ## $a785.1$vBN$zpor$3415359
675 ## $a78.089.6$vBN$zpor$3536969
700 #1 $aSoares,$bAntónio,$fca 18- -$3286377
702 #1 $aCoelho,$bJosé Maria Sardinha Pereira,$f1879-1963$4520$3110555
702 #1 $aSequeira,$bGustavo de Matos,$f1880-1962$4520$384369
801 #0 $aPT$bBN$gRPC
966 ## $lBN$mMUSICA$sM.P. 591//2 V. $x1
997 ## $aBIBEOD

Etiqueta de registo: 00557cam 2200181 450
001 429623
003 http://id.bnportugal.gov.pt/bib/catbnp/429623
005 19981231000000.0
095 ## $aPTBN00458675
100 ## $a19920321d1952 km y0pory0103 ba
101 0# $apor
102 ## $aPT
200 1# $aO que eu disse no grupo "Amigos de Lisboa" na sessão de 14 de Fevereiro$fJ. M. Pereira Coelho
210 #9 $aLisboa$cTip. Editorial Império,$d1952
215 ## $a15 p.$cil.$d25 cm
700 #1 $aCoelho,$bJosé Maria Sardinha Pereira,$f1879-1963$3110555
801 #0 $aPT$bBN$gRPC
966 ## $lBN$mFGMON$sH.G. 18740//20 V.
997 ## $aBIBEOD
998 ## $aCI348-548

Etiqueta de registo: 00513nam 22001571i 450
001 1252495
003 http://id.bnportugal.gov.pt/bib/catbnp/1252495
100 ## $a20020606d1923 m y0pory010305 ba
101 1# $apor
102 ## $aPT
200 1# $a A fonte dos amores$fGabriela Reval$gtrad. de M. Pereira Coelho e A. Cortez dos Santos$giIl. de Alfredo Morais
210 #9 $a[S.l.$cs.n.],$d1923$eLisboa:$gTip. Emp. Diario de Noticias)
215 ## $a1 v.$d23 cm
700 #1 $aReval,$bGabrielle,$f1870-1938$3106250
702 #1 $aCoelho,$bJosé Maria Sardinha Pereira,$f1879-1963$4730$3110555
702 #1 $aSantos,$bA. Cortês$4730$31205679
702 #1 $aMorais,$bAlfredo de,$f1872-1971$4440$398273
801 #0 $aPT$bBN
801 #1 $aFR$bJOUVE
966 ## $lBN$mFGMON$sL. 4949//2 V. $x0
997 ## $aBIBEOD

Etiqueta de registo: 00618cam 2200169 450
001 1246891
003 http://id.bnportugal.gov.pt/bib/catbnp/1246891
100 ## $a20020702d1953 m y0pory010305 ba
101 0# $apor
102 ## $aPT
200 1# $aRazazes e anedotas do meu tempo$e o que eu disse - no dia 3 de Marco de 1952 - na Sessão Comemorativa do 149Ê aniversário do "Colégio Militar"$fJ. M. S. Pereira Coelho
210 #9 $aLisboa$c[s.n.],$d1953
215 ## $a32 p.$d24 cm
700 #1 $aCoelho,$bJosé Maria Sardinha Pereira,$f1879-1963$3110555
801 #0 $aPT$bBN
801 #1 $aFR$bJOUVE
966 ## $lBN$mFGMON$sL. 14078//10 V. $x0
997 ## $aBIBEOD

Etiqueta de registo: 00653nam 22001571i 450
001 1250361
003 http://id.bnportugal.gov.pt/bib/catbnp/1250361
100 ## $a20020606d1923 m y0pory010305 ba
101 1# $apor
102 ## $aPT
200 1# $a A fonte dos amores$esugestivo romance de scenas da vida de estudantes, publicado em folherins no Diario de Noticias$fGabrielle Reval$gtrad. de M. Pereira Coelho e A. Cortez dos Santos$gil. de Alfredo Morais
210 #9 $a[S.l.$cs.n.],$d1923$eLisboa :$gTip. da Emprêsa Diario de Noticias)
215 ## $a[2 fl.], 100 p., a 2 coln$cil.$d22 cm
700 #1 $aReval,$bGabrielle,$f1870-1938$3106250
702 #1 $aCoelho,$bJosé Maria Sardinha Pereira,$f1879-1963$4730$3110555
702 #1 $aSantos,$bA. Cortês$4730$31205679
702 #1 $aMorais,$bAlfredo de,$f1872-1971$4440$398273
801 #0 $aPT$bBN
801 #1 $aFR$bJOUVE
966 ## $lBN$mFGMON$sL. 10652//6 V. $x0
997 ## $aBIBEOD

Etiqueta de registo: 00000ndm 2200025
001 2177566
003 http://id.bnportugal.gov.pt/bib/catbnp/2177566
100 ## $a20240814f19401967k y0pory01030103ba
101 0# $apor
102 ## $aPT
106 ## $ah
200 1# $aAmôr é cego e vê$bMúsica manuscrita]$fLetra de Matos Sequeira e Pereira Coelho$gMúsica de Affonso Corrêa Leite e Armando Rodrigues
210 #1 $d[Entre 1940 e 1967]
215 ## $a11 partes$d33 x 28 cm
300 ## $aExiste também uma partitura impressa. A canção foi utilizada no filme "Bocage" de Leitão de Barros
304 ## $aO sub-título e os autores da música foram retirados da primeira parte manuscrita. Os autores da letra foram retirados da partitura impressa
317 ## $aTomás Alcaide
317 ## $aConservatório Nacional
500 11 $aCanções,$r2vl, vla, vlc, cb, fl, cl, tr, trb, pf,$uMi ¬ maior ;$warr.
675 ## $a78.089.6$vBN$zpor$3536969
700 #1 $aLeite,$bAfonso Correia,$fca 19--$366571
701 #1 $aRodrigues,$bArmando,$f1899-?$4230$31005463
701 #1 $aSequeira,$bGustavo de Matos,$f1880-1962$4520$384369
701 #1 $aCoelho,$bJosé Maria Sardinha Pereira,$f1879-1963$4520$3110555
702 #1 $aAlcaide,$bTomás,$f1901-1967$4390$352
712 01 $aPortugal.$bConservatório Nacional.$bEscola de Música$4390$31172174
801 #0 $aPT$bBN$gRPC
966 ## $lBN$mMUSICA$sC.N. 780
971 ## $cCatmusica2$d20240814

Etiqueta de registo: 00000ndm 2200025
001 2269957
003 http://id.bnportugal.gov.pt/bib/catbnp/2269957
100 ## $a20260223f19001920k y0pory01030103ba
101 0# $apor
102 ## $aPT
106 ## $ah
200 1# $a O Cigarro do Soldado$bMúsica manuscrita]$eDa revista "Ceu Azul"$eCanção$fMusica de Tomaz Del Negro
210 #1 $d[Entre 1900 e 1920]
215 ## $a1 partitura (2 p.)$d31 x 18 cm$efolheto impresso com a letra completa
300 ## $aPartitura impressa digitalizada em: https://raiz.museusemonumentos.pt/DetalhesObra/Index/188888?tipo=OBJ
304 ## $aAutoria dos libretistas obtida em: https://raiz.museusemonumentos.pt/DetalhesObra/Index/188888?tipo=OBJ
307 ## $aPartitura sem letra
317 ## $aEspólio de Alfredo Mântua
500 11 $aCéu azul.$iCanção "O cigarro do soldado",$rV, coro, pf
501 1# $aRevistas
675 ## $a78.089.6$vBN$zpor$3536969
700 #1 $aDel Negro,$bJoaquim Tomás,$f1850-1933$382540
701 #1 $aGalhardo,$bLuís,$f1874-1929$4480$328424
701 #1 $aCoelho,$bJosé Maria Sardinha Pereira,$f1879-1963$4480$3110555
701 #1 $aSequeira,$bGustavo de Matos,$f1880-1962$4480$384369
801 #0 $aPT$bBN$gRPC
966 ## $lBN$mMUSICA$sEMUS16 1468$x7
971 ## $cCatmusica6$d20260223
995 ## $aPRR2026 $d20260223$iCatmusica6

Etiqueta de registo: 00000ndm 2200025
001 2272030
003 http://id.bnportugal.gov.pt/bib/catbnp/2272030
100 ## $a20260225f19001945k y0pory01030103ba
101 0# $apor
102 ## $aPT
106 ## $ah
200 1# $a A Luz do Sol$bMúsica manuscrita]$eCanção$eCanção do Céguinho$fLetra de José Maria Pereira Coelho$gMusica de Isabel Maria Mousinho de Almeida
210 #1 $d[Entre 1900 e 1945]
215 ## $a1 partitura (3 p.)$d26 x 19 cm
317 ## $aEspólio de Alfredo Mântua
500 11 $aCanções,$rV, pf
518 1# $aCanção do ceguinho
675 ## $a78.089.6$vBN$zpor$3536969
700 #1 $aAlmeida,$bIsabel Maria Mousinho de$31987515
702 #1 $aCoelho,$bJosé Maria Sardinha Pereira,$f1879-1963$4520$3110555
801 #0 $aPT$bBN$gRPC
966 ## $lBN$mMUSICA$sEMUS16 2889$x7
971 ## $cCatmusica10$d20260225
995 ## $aPRR2026 $d20260225$iCatmusica10

Etiqueta de registo: 00000ndm 2200025
001 2273646
003 http://id.bnportugal.gov.pt/bib/catbnp/2273646
100 ## $a20260228f19301950k y0pory01030103ba
101 0# $apor
102 ## $aPT
106 ## $ah
200 1# $aVira da Nazaré$bMúsica manuscrita]$eMaria do Mar$fMusica de Venceslau Pinto
210 #1 $d[Entre 1930 e 1950]
215 ## $a14 partes$d23 x 29 cm
300 ## $aEsta música foi expressamente composta para o filme Maria do Mar
304 ## $aAutor da música inferido a partir da segunda parte para primeiro violino e de https://www.meloteca.com/vira-da-nazare/
307 ## $aIncompleto, falta pelo menos a parte para segundo bandolim
317 ## $aEspólio de Alfredo Mântua
500 11 $aPeças,$r2vl, vla, cb, fl, 2bandolim, bandola
675 ## $a78.089.6$vBN$zpor$3536969
700 #1 $aPinto,$bVenceslau,$f1883-1973$392018
702 #1 $aCoelho,$bJosé Maria Sardinha Pereira,$f1879-1963$4520$3110555
801 #0 $aPT$bBN$gRPC
966 ## $lBN$mMUSICA$sEMUS16 2852$x7
971 ## $cCatmusica9$d20260228
995 ## $aPRR2026

Etiqueta de registo: 00000ndm 2200025
001 2274411
003 http://id.bnportugal.gov.pt/bib/catbnp/2274411
100 ## $a20260302d1914 k y0pory01030103ba
101 0# $apor
102 ## $aPT
106 ## $ah
200 1# $a O meu amor$bMúsica manuscrita]$eFado Canção$fOriginal de Pereira Coelho$gMusica de Alves Coelho
210 #1 $aLisboa,$dAbril de 1914
215 ## $a1 partitura (3 p.)$d28 x 22 cm
300 ## $a"cantado com grande sucesso pelo cançonetista Geraldo e expressamente escrito para o seu reportório"
307 ## $aIncompleto, em mau estado
317 ## $aPropriedade de Alves Coelho Rua do Amparo 66. 1º
317 ## $aEspólio de Alfredo Mântua
500 11 $aFados,$rV, pf
675 ## $a78.089.6$vBN$zpor$3536969
701 #1 $aCoelho,$bJoão Rodrigues Alves,$f1882-1931$4230$3156181
701 #1 $aCoelho,$bJosé Maria Sardinha Pereira,$f1879-1963$4520$3110555
702 #1 $aMagalhães,$bGeraldo de,$f1878-1970$4280$3758306
801 #0 $aPT$bBN$gRPC
966 ## $lBN$mMUSICA$sEMUS16 3587$x7
971 ## $cCatmusica12$d20260302
995 ## $aPRR2026

Etiqueta de registo: 00000ndm 2200025
001 2274256
003 http://id.bnportugal.gov.pt/bib/catbnp/2274256
100 ## $a20260302d1943 k y0pory01030103ba
101 0# $apor
102 ## $aPT
106 ## $ah
200 1# $aOmolete sem Ovos$bMúsica manuscrita]
210 #1 $d1943
215 ## $a9 partes$e1 f. manuscrita com a indicação dos números que compôem a revista e 1 f. dactilografada com conteúdo relativo ao libreto
300 ## $aActo de variedades realizado pelos Pupilos do Exército no ano lectivo de 1942/1943
304 ## $aN.º10, "Marcha dos finalistas", é de Raul Ferraz com versos de Norberto Pires dos Santos; n.º7, "Tic...tic...tic...tic", é de António Melo com letra de Pereira Coelho e Norberto Lopes; n.º1, "Omolete sem Ovos" de Alfredo Mântua
307 ## $aEste acto de variedade aproveira números de outras obras
307 ## $aA parte número 1, da Direcção, contém uma capilha com partituras e partes para instrumentos diversos
317 ## $aEspólio de Alfredo Mântua
500 11 $aOmolete sem Ovos.$rVV, orq
501 1# $aRevistas
518 1# $aOmelete sem Ovos
675 ## $a78.089.6$vBN$zpor$3536969
701 #1 $aMântua,$bAlfredo,$f1880-1944$4230$380191
701 #1 $aFerraz,$bRaúl,$f18..-19..$4230$31986175
701 #1 $aMelo,$bAntónio,$f1903-1975$4230$391378
702 #1 $aCoelho,$bJosé Maria Sardinha Pereira,$f1879-1963$4520$3110555
702 #1 $aLopes,$bNorberto,$f1900-1989$4520$3109843
801 #0 $aPT$bBN$gRPC
966 ## $lBN$mMUSICA$sEMUS16 3701$x7
971 ## $cCatmusica7$d20260302
995 ## $aPRR2026

Etiqueta de registo: 00000ndm 2200025
001 2274020
003 http://id.bnportugal.gov.pt/bib/catbnp/2274020
100 ## $a20260302f19201950k y0pory01030103ba
101 0# $apor
102 ## $aPT
106 ## $ah
200 1# $aBons dias e Boas noites$bMúsica manuscrita]$ecanção$fpor W. Pinto
210 #1 $d[Entre 1920 a 1950]
215 ## $a13 partes$d29 x 22 cm
300 ## $aTrata-se da mesma obra que a cota EMUS16 3262
304 ## $aAutoria da letra inferida através da cota EMUS16 3262
307 ## $aSem letra
317 ## $aEspólio de Alfredo Mântua
500 11 $aPeças,$rorq
675 ## $a78.089.6$vBN$zpor$3536969
701 #1 $aPinto,$bVenceslau,$f1883-1973$4230$392018
702 #1 $aCoelho,$bJosé Maria Sardinha Pereira,$f1879-1963$4520$3110555
801 #0 $aPT$bBN$gRPC
966 ## $lBN$mMUSICA$sEMUS16 3263$x7
971 ## $cCatmusica7$d20260302
995 ## $aPRR2026

Etiqueta de registo: 00000ndm 2200025
001 2274012
003 http://id.bnportugal.gov.pt/bib/catbnp/2274012
100 ## $a20260302f19101944k y0pory01030103ba
101 0# $apor
102 ## $aPT
106 ## $ah
200 1# $aBons dias e Boas noites$bMúsica manuscrita]$eCanção$eVozes e piano$fLetra de Pereira Coelho$gMúsica de Wenceslau Pinto
210 #1 $d[Entre 1910 a 1944]
215 ## $a1 partitura (5 p.)$d30 x 23 cm
300 ## $aTrata-se da mesma obra que a cota EMUS16 3263
304 ## $aCopista no fim da partitura
307 ## $aCom letra
317 ## $aEspólio de Alfredo Mântua
500 11 $aCanções,$rVV, pf
675 ## $a78.089.6$vBN$zpor$3536969
701 #1 $aPinto,$bVenceslau,$f1883-1973$4230$392018
702 #1 $aCoelho,$bJosé Maria Sardinha Pereira,$f1879-1963$4520$3110555
702 #1 $aMântua,$bAlfredo,$f1880-1944$4700$380191
801 #0 $aPT$bBN$gRPC
966 ## $lBN$mMUSICA$sEMUS16 3262$x7
971 ## $cCatmusica7$d20260302
995 ## $aPRR2026

OpendataBNP@bnportugal.pt | Mais informação sobre acesso aos dados BNP